=LDR 00000nam 2200000 4500 =001 INLIS000000000032267 =005 20130612134300 =008 ***********************************ind** =035 ##$$0010-061300000032267 =041 ##$$a ind =082 ##$$a 430.7 =090 ##$$a 430.7, Ami b =100 ##$$a Amir =245 ##$$a Belajar Mudah bahasa jerman, Cepat,Tepat dan Akurat, Amir =260 ##$$a 2004 $b Bandung =300 ##$$a 180 hlm, Ilus, 20,5 cm =650 ##$$a Bahasa Jerman - Studi Dan Pengajaran =850 ##$$a NBPNMAT